Quizzes
Events
Quiz Creation
Community
Videos
Private Events
Remove Ads
Sign In
Join for FREE
Feedback
Dark Mode
Quiz Categories
Sports
Geography
Music
Movies
Television
Just For Fun
Miscellaneous
History
Literature
Language
Science
Gaming
Entertainment
Religion
Holiday
For Kids
Quiz Lab
Recent
Popular Today
Quiz Kudos Today
Editor Picks
Curator Picks
Quizzes by...
Day
Popularity
Type
Ratings
Length
Year
Community
Subscriptions
Recent Discussions
Orange Saloon
Badges
Playlists
Quests
Create
Leaderboards
Showdown
Live 5
Trivia Bingo
Activity
Puzzle Library
Sporcle Events
Private Events
Virtual Trivia
Globe League
Become a Host
Pub Owners
SporcleCon
Opinionation
Our Games
Videos
Blog
Mobile Apps
Partnerships
Remove Ads and Go Orange
Feedback
Sports
Athletes
MLB
NBA
NHL
NFL
Soccer
Sports Teams
WWE
NCAA
Football
Premier League
Basketball
Baseball
Hockey
Golf
Tennis
Cricket
Rugby
Auto Racing
Olympics
World Cup
Sports
Athletes
MLB
NBA
NHL
NFL
Soccer
Sports Teams
WWE
NCAA
Football
Premier League
Basketball
Baseball
Hockey
Golf
Tennis
Cricket
Rugby
Auto Racing
Olympics
World Cup
Random Quiz
Search Sporcle
×
Quiz Lab
Quiz Lab
Sports
Football
Type in answers that appear in a list
Type in answers that appear in a list
Classic
Best Score? Go Orange.
Non League Football Grounds Stats
Can you name the Non League Football teams from these stadiums?
By
Magnum_PI
10m
40 Questions
700 Plays
700 Plays
700 Plays
Comments
Comments
Give Quiz Kudos
Give Quiz Kudos
-
- Ratings
hide this ad
Random Order
Randomize order of answers
Randomize order of answers
Replay
Link that replays current quiz
Next Quiz
Link to next quiz in quiz playlist
You Got
0%
They Got
Avg Score
29%
Avg Friend Score
Upgrade to see
Score Distribution
Jump to the score distribution portion of the page
Score
0/40
Timer
10:00
0
Plays Today
Clue
Team
% Correct
Ex League Cup Winners
Luton Town
83%
Dean Saunders is manager
Wrexham
82.4%
Half in England, Half in Wales
Chester City
76.5%
Begins with K...
Kidderminster Harriers
73.1%
Fans renamed it United Stadium in 2006
Oxford United
72.8%
You can always stop by the Viking Museum
York City
68.7%
Not Orient !
Leyton
54.2%
Ex-
League team that went bust
Scarborough
53.1%
Stadium once stopped them being promoted to Football League
Stevenage Borough
52.8%
Steve Claridge just made a comeback
Weymouth
49.1%
A Scottish Island or World Champion Heavyweight boxer
Lewes
48.2%
Famous battle
Hastings United
47.8%
Nice mineral water
Buxton
45.1%
A cigar if you get this
Dulwich Hamlet
37.9%
Get the Ferry here
Dover Athletic
34.2%
27,000 chairmen !
Ebbsfleet United
32.3%
Begins with A...
Alfreton Town
30.5%
Did the Village People play here?
HorshamYMCA
27.6%
The biggest stadium in UK ?
Wembley
26.3%
Eric?
Clapton
21.6%
Clue
Team
% Correct
Castle and School?
Windsor and Eton
19.9%
Bib your horn if you dont know !
Tooting and Mitcham United
19.3%
Ground is below sea-
level
Canvey Island
15.9%
Identity or Ultimatum?
Bourne Town
15.3%
This ground is a velodrome
Newcastle Town
15%
Actually in Cardington outside this town
Bedford Town
14.3%
Sounds like an ex England cricketer (opener)
Atherstone Town
9.9%
Begins with A...
Aveley
7.6%
Protection but not up north
South Shields
7.6%
Begins with B...
Bracknell Town
7.3%
Begins with G...
Guildford City
6.6%
This one is in the Highland League
Forres Mechanics
5.9%
Begins with C.....
Camberley Town
5.7%
Double M
Maltby Main
5.4%
It takes different strokes
Arnold Town
4.4%
Second word is an old English queen
Biddulph Victoria
4%
Almost a London Borough
Brislington
3.6%
Also a rugby league and rugby union team
Cardiff Harlequins
3.3%
My local team -
no clue !
Hullbridge Sports
1.9%
If you get this I'm impressed
Crediton United
1.4%
Quiz Playlist
Details
Report
Send in Message
Add To Playlist
Classic:
Type in answers that appear in a list
Random Order:
Randomize order of answers
Last Updated: Feb 16, 2017
Quiz Scoreboard
CHALLENGE
Sign Up to Join the Scoreboard
Show All
Scores
Hide
Comments
May contain spoilers
Recently Published
Decade Duel: World Leaders
by jenniferyan
History
4m
Alphabetical 'K' Countries by Flag Minefield
by ylime102
Geography
3m
Pick 6: Fruits
by JohnFran
Miscellaneous
15s
More to Explore
Quiz From the Vault
Featured Blog Post
15 Basketball Trivia Facts You Can Be March Mad About
hide this ad
You Might Also Like...
Tags
Football Quiz
ground
League
Non League
Stadiums
team
Today's Top Quizzes in Sports
Browse Sports
hide this ad
Today's Top Quizzes in Football
Browse Football
Top Contributed Quizzes in Sports
1
Les joueurs à 100 buts en Ligue 1 Uber Eats
2
Pick 6: NFL Teams
3
2022 World Cup Stars
4
MLB 2 truths and a lie: Hall of Fame pitchers
5
Millionaire: NBA Finals Edition
6
Pick 6: Minor League Baseball
7
Criteria MLB: Left Handed Sluggers
8
Click the 1998 NBA Draft
9
Pick 6: Olympics
10
Don't Strike Out: 3000 Strikeouts
Explore More
Trending Topics
Crossword
Marvel
Disney
Anime
Kpop
Harry Potter
NBA
Puzzle
Soccer
Song
The Office
Pokémon
NFL
Country
WWE
hide this ad
More By:
Magnum_PI
Quiz
Plays
Rating
Category
Featured
Created
Non League Football Grounds
700
4.00
Sports
Oct 6, 2009
World Cup 2010 Players - Clubs
396
4.29
Sports
Jul 13, 2010
Flags which have horizontal symmetry
127
3.67
Geography
Aug 3, 2010
Flags which have vertical symmetry
123
4.67
Geography
Aug 3, 2010
Go to Creator's Profile
Score Distribution
Quiz Creator Spotlight
Magnum_PI
Follow
Send a Message
Quizzes Created
-
Created Quiz Play Count
-
More By This Creator
Popular Quizzes Today
1
Countries of Asia Without Outlines Minefield
2
Find the US States - No Outlines Minefield
3
Pick 6: Fruits
4
Alphabetical 'K' Countries by Flag Minefield
5
The Countries of the World
6
Find the Countries of Europe - No Outlines Minefield
7
Find the US States
8
US States
More Sports Quizzes
2000s Nets Top Scorers
Quiz Lab
Trending Quizzes
Pick 6: Mountains
Pick 6: Harry Potter
Pick 6: Flags
Pick 6: NFL Teams
Pick 6: Movie Franchises
Recently Updated
Adaptations: Name the Title
pecheneg
NWSL Teams
pecheneg
Women's Final Four Teams by Year
bhenderson79
Presidents Quartet II
eogle
Anything But Clue(do)
eogle
Anything But Oceanian Capitals
eogle
Anything But 7
eogle
Anything But Thing
eogle
Word Ladder: February 29
pecheneg
Song Title Questions
pecheneg
Trending Topics
Crossword
Anime
Disney
NBA
Harry Potter
Marvel
Kpop
Country
Song
Pokémon
NFL
The Office
WWE
Soccer
Puzzle
Your Account Isn't Verified!
In order to create a playlist on Sporcle, you need to verify the email address you used during registration. Go to your
Sporcle Settings
to finish the process.
Report this User
Report this user for behavior that violates our
Community Guidelines
.
Details:
Send Report
Go to the Sporcle.com Mobile Site →
Comments